[Event "SVK-chT2A 1920"]
[Site "Slovakia"]
[Date "2019.12.14"]
[Round "5.8"]
[White "Lukacovic, Miroslav"]
[Black "Ujhelyi, Matus"]
[Result "1/2-1/2"]
[WhiteElo "1928"]
[BlackElo "1899"]
[PlyCount "104"]
[EventDate "2019.10.26"]
[EventType "team-tourn"]
[EventRounds "11"]
[EventCountry "SVK"]
[SourceTitle "CBM 194 Extra"]
[Source "ChessBase"]
[SourceDate "2020.03.31"]
[SourceVersion "1"]
[SourceVersionDate "2020.03.31"]
[SourceQuality "1"]
[WhiteTeam "Trnava Sered"]
[BlackTeam "Senec"]
[WhiteTeamCountry "SVK"]
[BlackTeamCountry "SVK"]

1. d4 d5 2. Nf3 Nc6 3. Bf4 Bf5 4. c3 e6 5. e3 Bd6 6. Qb3 Nge7 7. Bb5 0-0 8. Nbd2 a6 9. Be2 Bxf4 10. exf4 Qd6 11. Ne5 f6 12. Nxc6 bxc6 13. Qb4 Qxb4 14. cxb4 Rfb8 15. a3 a5 16. bxa5 Rxb2 17. a6 c5 18. dxc5 Nc6 19. g4 Bg6 20. h4 Nd4 21. Bd1 Rxa6 22. Rh3 Ra5 23. Rc3 Nb5 24. Re3 Bf7 25. a4 Nd4 26. Rd3 e5 27. fxe5 fxe5 28. f4 Bg6 29. f5 Be8 30. Rc3 h5 31. gxh5 Nxf5 32. Bf3 e4 33. Bd1 d4 34. Rb3 Rxb3 35. Bxb3+ Kf8 36. Nxe4 Bxh5 37. Kf2 Bf7 38. Bc2 Nxh4 39. Kg3 Ng6 40. Rd1 d3 41. Rxd3 Ke7 42. Ng5 Rxc5 43. Re3+ Re5 44. Rxe5+ Nxe5 45. Nxf7 Nxf7 46. a5 Kd6 47. Kf4 Kc6 48. Bd3 Kb7 49. Kf5 g5 50. Kf6 c5 51. Kxf7 g4 52. Ke6 g3 1/2-1/2

[Event "SVK-chT2A 1920"]
[Site "Slovakia"]
[Date "2019.11.16"]
[Round "3.5"]
[White "Ujhelyi, Matus"]
[Black "Mandak, Miroslav"]
[Result "1/2-1/2"]
[WhiteElo "1901"]
[BlackElo "1917"]
[PlyCount "58"]
[EventDate "2019.10.26"]
[EventType "team-tourn"]
[EventRounds "11"]
[EventCountry "SVK"]
[SourceTitle "CBM 193 Extra"]
[Source "ChessBase"]
[SourceDate "2020.01.31"]
[SourceVersion "1"]
[SourceVersionDate "2020.01.31"]
[SourceQuality "1"]
[WhiteTeam "Senec"]
[BlackTeam "Krasnany"]
[WhiteTeamCountry "SVK"]
[BlackTeamCountry "SVK"]

1. e4 c5 2. Nf3 e6 3. d4 cxd4 4. Nxd4 Nf6 5. Nc3 Nc6 6. Be3 a6 7. Qd2 Bb4 8. f3 d5 9. Nxc6 bxc6 10. e5 Nd7 11. a3 Be7 12. f4 f6 13. Be2 0-0 14. exf6 Nxf6 15. Bf3 Bb7 16. Na4 a5 17. 0-0 Re8 18. Rad1 Nd7 19. Bh5 g6 20. Bg4 Bf6 21. Qf2 Qe7 22. Rfe1 Qf7 23. c3 Ba6 24. Qf3 Bb5 25. Nc5 Nxc5 26. Bxc5 e5 27. fxe5 Rxe5 28. Bd6 Rxe1+ 29. Rxe1 Re8 1/2-1/2

[Event "SVK-chT2A 1920"]
[Site "Slovakia"]
[Date "2019.10.26"]
[Round "1.5"]
[White "Vadila, Ondrej"]
[Black "Ujhelyi, Matus"]
[Result "1-0"]
[WhiteElo "1999"]
[BlackElo "1890"]
[PlyCount "51"]
[EventDate "2019.10.26"]
[EventType "team-tourn"]
[EventRounds "11"]
[EventCountry "SVK"]
[SourceTitle "CBM 193 Extra"]
[Source "ChessBase"]
[SourceDate "2020.01.31"]
[SourceVersion "1"]
[SourceVersionDate "2020.01.31"]
[SourceQuality "1"]
[WhiteTeam "Bratislava Slovan V"]
[BlackTeam "Senec"]
[WhiteTeamCountry "SVK"]
[BlackTeamCountry "SVK"]

1. d4 Nf6 2. Bf4 g6 3. Nc3 Bg7 4. e4 d6 5. Qd2 c6 6. f3 Nbd7 7. 0-0-0 Qa5 8. Kb1 0-0 9. Nd5 Qd8 10. Nxf6+ Nxf6 11. Bh6 a5 12. h4 a4 13. h5 Qa5 14. Qe3 a3 15. hxg6 fxg6 16. Bc4+ e6 17. Bxg7 Kxg7 18. Qh6+ Kg8 19. Nh3 d5 20. Bb3 Qc7 21. e5 Nh5 22. Ng5 b6 23. g4 Qg7 24. Qxg7+ Nxg7 25. Rxh7 Rxf3 26. Rdh1 1-0

[Event "SVK-chT2A 1819"]
[Site "Slovakia"]
[Date "2019.02.03"]
[Round "7.7"]
[White "Ujhelyi, Matus"]
[Black "Sustak, Roman"]
[Result "0-1"]
[WhiteElo "1903"]
[BlackElo "1917"]
[PlyCount "102"]
[EventDate "2018.10.13"]
[EventType "team-tourn"]
[EventRounds "11"]
[EventCountry "SVK"]
[SourceTitle "CBM 189 Extra"]
[Source "ChessBase"]
[SourceDate "2019.05.31"]
[SourceVersion "1"]
[SourceVersionDate "2019.05.31"]
[SourceQuality "1"]
[WhiteTeam "Senec"]
[BlackTeam "Modra II"]
[WhiteTeamCountry "SVK"]
[BlackTeamCountry "SVK"]

1. e4 c6 2. d4 d5 3. exd5 cxd5 4. Bd3 Nf6 5. Ne2 Na6 6. c3 Nc7 7. 0-0 Bg4 8. Qb3 Bxe2 9. Bxe2 b6 10. Bf4 e6 11. Nd2 Bd6 12. Bg5 0-0 13. Nf3 h6 14. Be3 b5 15. Ne5 Qe8 16. Qc2 Nd7 17. Bf4 a6 18. Bd3 Nxe5 19. dxe5 Bc5 20. Qd2 f5 21. exf6 e5 22. fxg7 Rxf4 23. Rae1 Rf6 24. Kh1 e4 25. a4 Qg6 26. Bc2 Qxg7 27. b4 Ba7 28. axb5 axb5 29. Bb3 Kh8 30. Ra1 e3 31. fxe3 Rxf1+ 32. Rxf1 Qg5 33. Qd3 Bxe3 34. Bc2 Qe7 35. h3 Bg5 36. Rf5 Re8 37. Qf1 Kg7 38. Qd3 Rf8 39. Rxf8 Kxf8 40. Qf5+ Bf6 41. g4 Qe1+ 42. Kg2 Qe2+ 43. Kh1 Qe7 44. Bd3 Qe1+ 45. Kg2 Qxc3 46. h4 Qd2+ 47. Kh3 Qe3+ 48. Kg2 Ke7 49. Qh7+ Kd6 50. Bf5 Qe2+ 51. Kh3 Qf3+ 0-1

[Event "SVK-chT2A 1819"]
[Site "Slovakia"]
[Date "2018.12.15"]
[Round "5.7"]
[White "Szitkey, Milan"]
[Black "Ujhelyi, Matus"]
[Result "1/2-1/2"]
[WhiteElo "2046"]
[BlackElo "1903"]
[PlyCount "46"]
[EventDate "2018.10.13"]
[EventType "team-tourn"]
[EventRounds "11"]
[EventCountry "SVK"]
[SourceTitle "CBM 189 Extra"]
[Source "ChessBase"]
[SourceDate "2019.05.31"]
[SourceVersion "1"]
[SourceVersionDate "2019.05.31"]
[SourceQuality "1"]
[WhiteTeam "Trnava Lokomotiva"]
[BlackTeam "Senec"]
[WhiteTeamCountry "SVK"]
[BlackTeamCountry "SVK"]

1. e4 e5 2. Nf3 Nc6 3. Bb5 a6 4. Ba4 Nf6 5. d3 d6 6. c3 Be7 7. 0-0 0-0 8. Re1 b5 9. Bb3 Na5 10. Bc2 c5 11. Nbd2 Nc6 12. Nf1 Qc7 13. Ng3 d5 14. h3 dxe4 15. dxe4 b4 16. Nh4 g6 17. Bg5 Ne8 18. Qd2 Be6 19. Ba4 f6 20. Bh6 Ng7 21. Nf3 Rac8 22. Nf1 Rfd8 23. Qe2 bxc3 1/2-1/2

[Event "SVK-chT2A 1617"]
[Site "Slovakia"]
[Date "2016.12.03"]
[Round "5.8"]
[White "Vegh, Vince"]
[Black "Ujhelyi, Matus"]
[Result "1-0"]
[WhiteElo "1931"]
[BlackElo "1881"]
[PlyCount "69"]
[EventDate "2016.10.08"]
[EventType "team-tourn"]
[EventRounds "11"]
[EventCountry "SVK"]
[SourceTitle "EXT 2018"]
[Source "ChessBase"]
[SourceDate "2017.10.13"]
[SourceVersion "1"]
[SourceVersionDate "2017.10.13"]
[SourceQuality "1"]
[WhiteTeam "Potonska Veza"]
[BlackTeam "Senec"]
[WhiteTeamCountry "SVK"]
[BlackTeamCountry "SVK"]

1. e4 e6 2. Qe2 Ne7 3. Nc3 d5 4. exd5 Nxd5 5. Nxd5 Qxd5 6. Nf3 c5 7. g3 Nc6 8. c3 Be7 9. Bg2 0-0 10. 0-0 b6 11. d4 Bb7 12. dxc5 Rfd8 13. cxb6 axb6 14. b3 Bf6 15. Bb2 Qd3 16. Qxd3 Rxd3 17. Rfc1 Nb4 18. Ne1 Bxg2 19. cxb4 Bxb2 20. Nxd3 Bxa1 21. Kxg2 Bd4 22. a4 g5 23. Rc2 f5 24. b5 Rd8 25. Kf1 Kf7 26. Ke2 h5 27. Nb4 Rd7 28. Nc6 Bf6 29. b4 Rb7 30. Rc1 e5 31. Rb1 e4 32. Rb3 Ke6 33. a5 bxa5 34. bxa5 Kd5 35. a6 1-0

[Event "SVK-chT2A 1213"]
[Site "Slovakia"]
[Date "2013.03.16"]
[Round "10.7"]
[White "Ujhelyi, Matus"]
[Black "Solar, Andrej"]
[Result "1-0"]
[WhiteElo "1977"]
[BlackElo "1786"]
[PlyCount "43"]
[EventDate "2012.10.13"]
[EventType "team-tourn"]
[EventRounds "11"]
[EventCountry "SVK"]
[SourceTitle "EXT 2015"]
[Source "ChessBase"]
[SourceDate "2014.11.20"]
[SourceVersion "1"]
[SourceVersionDate "2014.11.20"]
[SourceQuality "1"]
[WhiteTeam "Dunajska Streda II"]
[BlackTeam "Bratislava KSN"]
[WhiteTeamCountry "SVK"]
[BlackTeamCountry "SVK"]

1. e4 e5 2. Nf3 Nc6 3. Bb5 a6 4. Ba4 Be7 5. 0-0 Nf6 6. Re1 b5 7. Bb3 0-0 8. h3 Bb7 9. c3 Re8 10. d4 d6 11. Nbd2 Qd7 12. Nf1 Na5 13. dxe5 Nxe4 14. Bc2 d5 15. Bxe4 Rad8 16. Bc2 b4 17. Bg5 bxc3 18. bxc3 Nc4 19. Bf4 Qc6 20. Nd4 Qb6 21. Rb1 Qc5 22. Rxb7 1-0

[Event "SVK-chT2A 1213"]
[Site "Slovakia"]
[Date "2013.02.16"]
[Round "8.8"]
[White "Ujhelyi, Matus"]
[Black "Puskar, Peter"]
[Result "0-1"]
[WhiteElo "1977"]
[BlackElo "2004"]
[PlyCount "90"]
[EventDate "2012.10.13"]
[EventType "team-tourn"]
[EventRounds "11"]
[EventCountry "SVK"]
[SourceTitle "EXT 2015"]
[Source "ChessBase"]
[SourceDate "2014.11.20"]
[SourceVersion "1"]
[SourceVersionDate "2014.11.20"]
[SourceQuality "1"]
[WhiteTeam "Dunajska Streda II"]
[BlackTeam "Trnava Lokomotiva II"]
[WhiteTeamCountry "SVK"]
[BlackTeamCountry "SVK"]

1. e4 c5 2. Nf3 d6 3. c4 Nc6 4. Nc3 g6 5. d4 cxd4 6. Nxd4 Bg7 7. Nxc6 bxc6 8. Qc2 Nf6 9. Bd3 0-0 10. 0-0 Nd7 11. Re1 a5 12. Rb1 Nc5 13. Bf1 Qc7 14. Na4 Bd4 15. a3 f5 16. Nxc5 Bxc5 17. b4 axb4 18. axb4 Bd4 19. Bb2 c5 20. Bxd4 cxd4 21. Bd3 e5 22. f4 Be6 23. exf5 gxf5 24. fxe5 dxe5 25. c5 Ra2 26. Rb2 Rxb2 27. Qxb2 Bd5 28. Qf2 Qg7 29. Rc1 Kh8 30. b5 e4 31. Bc4 e3 32. Qe2 Be4 33. Bd3 Rg8 34. Rc2 Qe5 35. c6 f4 36. Kf1 Bxg2+ 37. Qxg2 Rxg2 38. Rxg2 f3 39. Rc2 e2+ 40. Bxe2 fxe2+ 41. Rxe2 Qxb5 42. c7 Qb1+ 43. Kf2 Qf5+ 44. Kg1 Qg5+ 45. Kf2 Qf4+ 0-1

[Event "SVK-chT3A2 1011"]
[Site "Slovakia"]
[Date "2011.03.13"]
[Round "10.4"]
[White "Ujhelyi, Matus"]
[Black "Lajda, Dusan"]
[Result "0-1"]
[WhiteElo "2006"]
[BlackElo "1890"]
[PlyCount "48"]
[EventDate "2010.10.17"]
[EventType "team-tourn"]
[EventRounds "11"]
[EventCountry "SVK"]
[SourceTitle "EXT 2019"]
[Source "ChessBase"]
[SourceDate "2018.10.10"]
[SourceVersion "1"]
[SourceVersionDate "2018.10.10"]
[SourceQuality "1"]
[WhiteTeam "Dunajska Streda SK III"]
[BlackTeam "Vrbove"]
[WhiteTeamCountry "SVK"]
[BlackTeamCountry "SVK"]

1. e4 c5 2. Nf3 d6 3. d4 cxd4 4. Nxd4 Nf6 5. Nc3 e6 6. Be2 a6 7. 0-0 Qc7 8. Kh1 b5 9. a3 Bb7 10. Qe1 Nbd7 11. f4 Nxe4 12. Nxe4 Bxe4 13. Bxb5 Bxg2+ 14. Kxg2 axb5 15. Nxe6 fxe6 16. Qxe6+ Be7 17. Be3 Qxc2+ 18. Kf3 Qc4 19. Qg4 Nf6 20. Qh3 Rc8 21. Rac1 Qe4+ 22. Kf2 Rxc1 23. Rxc1 0-0 24. b3 Nd5 0-1

[Event "SVK-chT3A2 1011"]
[Site "Slovakia"]
[Date "2011.02.27"]
[Round "9.4"]
[White "Husek, Lubomir"]
[Black "Ujhelyi, Matus"]
[Result "0-1"]
[WhiteElo "1786"]
[BlackElo "2006"]
[PlyCount "115"]
[EventDate "2010.10.17"]
[EventType "team-tourn"]
[EventRounds "11"]
[EventCountry "SVK"]
[SourceTitle "EXT 2019"]
[Source "ChessBase"]
[SourceDate "2018.10.10"]
[SourceVersion "1"]
[SourceVersionDate "2018.10.10"]
[SourceQuality "1"]
[WhiteTeam "Holic"]
[BlackTeam "Dunajska Streda SK III"]
[WhiteTeamCountry "SVK"]
[BlackTeamCountry "SVK"]

1. e4 e6 2. d4 d5 3. e5 c5 4. c3 Nc6 5. Nf3 Qb6 6. a3 cxd4 7. cxd4 Nge7 8. b4 a6 9. Be2 Bd7 10. 0-0 Rc8 11. Bb2 Ng6 12. Qd2 Be7 13. Nc3 0-0 14. Na4 Qc7 15. Rac1 f6 16. Nc5 fxe5 17. Nxd7 Qxd7 18. Nxe5 Ncxe5 19. dxe5 Nf4 20. Rxc8 Qxc8 21. Rc1 Qe8 22. Rc7 Qg6 23. Bf3 Qg5 24. Qd1 Bd8 25. Rxb7 Qg6 26. Bd4 Nh3+ 27. Kf1 Ng5 28. Be2 Ne4 29. Rb8 Qf5 30. f3 Qf4 31. Kg1 Ng5 32. Bxa6 h5 33. Bc5 Qxe5 34. Rc8 Nf7 35. Bxf8 Kxf8 36. b5 g6 37. a4 Kg7 38. Rc6 Bc7 39. g3 Qe3+ 40. Kh1 Bb6 41. Bc8 Ng5 42. h4 Nxf3 43. Rxe6 Ne5 44. Rxb6 Qxb6 45. Qxd5 Qf6 46. Kg2 Nf7 47. Qd1 Qb2+ 48. Kh3 Ne5 49. Bd7 Qf2 50. Qa1 Qe2 51. a5 Kh6 52. Qc1+ Kh7 53. Bc6 Nd3 54. Bg2 Nxc1 55. b6 Qe6+ 56. Kh2 Qc8 57. b7 Qb8 58. a6 0-1

[Event "SVK-chT2A 10/11"]
[Site "Slovakia"]
[Date "2011.02.06"]
[Round "7.7"]
[White "Puchart, Vladimir"]
[Black "Ujhelyi, Matus"]
[Result "1-0"]
[WhiteElo "2064"]
[BlackElo "2006"]
[PlyCount "63"]
[EventDate "2010.10.23"]
[EventType "team-tourn"]
[EventRounds "11"]
[EventCountry "SVK"]
[SourceTitle "EXT 2019"]
[Source "ChessBase"]
[SourceDate "2018.10.10"]
[SourceVersion "1"]
[SourceVersionDate "2018.10.10"]
[SourceQuality "1"]
[WhiteTeam "Trnava Lokomotiva II"]
[BlackTeam "Dunajska Streda SK II"]
[WhiteTeamCountry "SVK"]
[BlackTeamCountry "SVK"]

1. d4 Nf6 2. c4 g6 3. Nc3 Bg7 4. e4 d6 5. f3 0-0 6. Be3 e5 7. Nge2 c6 8. Qd2 Nbd7 9. 0-0-0 a6 10. h4 b5 11. h5 bxc4 12. Bh6 Nxh5 13. g4 Nhf6 14. Bxg7 Kxg7 15. Qh6+ Kh8 16. Ng3 Rg8 17. Bxc4 Rg7 18. Qd2 Rb8 19. Bb3 Qb6 20. dxe5 dxe5 21. Na4 Qa7 22. Nf1 Nc5 23. Nxc5 Qxc5+ 24. Kb1 Be6 25. Bxe6 fxe6 26. Rc1 Qb5 27. Rh2 Rgb7 28. Qc3 Rb6 29. Rd2 a5 30. Ne3 Rc8 31. Nc4 Rb7 32. Nd6 1-0

[Event "SVK-chT3A2 1011"]
[Site "Slovakia"]
[Date "2010.11.14"]
[Round "3.3"]
[White "Palka, Miroslav"]
[Black "Ujhelyi, Matus"]
[Result "1/2-1/2"]
[WhiteElo "1935"]
[BlackElo "2006"]
[PlyCount "80"]
[EventDate "2010.10.17"]
[EventType "team-tourn"]
[EventRounds "11"]
[EventCountry "SVK"]
[SourceTitle "EXT 2012"]
[Source "ChessBase"]
[SourceDate "2011.11.24"]
[SourceVersion "1"]
[SourceVersionDate "2011.11.24"]
[SourceQuality "1"]
[WhiteTeam "Senica SK"]
[BlackTeam "Dunajska Streda SK III"]
[WhiteTeamCountry "SVK"]
[BlackTeamCountry "SVK"]

1. c4 Nf6 2. Nc3 g6 3. e4 d6 4. d4 Bg7 5. f3 0-0 6. Be3 e5 7. d5 Nh5 8. Qd2 f5 9. Bg5 Nf6 10. g3 a5 11. h4 fxe4 12. Nxe4 Nxe4 13. fxe4 Qe8 14. Bh3 Bxh3 15. Nxh3 Nd7 16. 0-0-0 Nc5 17. Qc2 Qa4 18. Kb1 Rf7 19. Rdf1 Raf8 20. Rxf7 Rxf7 21. h5 gxh5 22. Bc1 h6 23. Nf2 b5 24. Rxh5 Qxc4 25. Qxc4 bxc4 26. Be3 Rf3 27. Bxc5 dxc5 28. Ng4 c3 29. Nxh6+ Bxh6 30. Rxh6 cxb2 31. Kxb2 Re3 32. Rc6 Rxe4 33. Rxc5 Re2+ 34. Kb3 a4+ 35. Ka3 Rd2 36. Rxc7 Rxd5 37. Kxa4 Rd3 38. Kb5 Ra3 39. Re7 Rxa2 40. Rxe5 Rc2 1/2-1/2

[Event "SVK-chT2A 0910"]
[Site "Slovakia"]
[Date "2009.10.11"]
[Round "2.8"]
[White "Ujhelyi, Matus"]
[Black "Raczko, Peter"]
[Result "1-0"]
[WhiteElo "1983"]
[BlackElo "1962"]
[PlyCount "69"]
[EventDate "2009.10.10"]
[EventType "team-tourn"]
[EventRounds "11"]
[EventCountry "SVK"]
[SourceTitle "EXT 2011"]
[Source "ChessBase"]
[SourceDate "2010.11.26"]
[SourceVersion "1"]
[SourceVersionDate "2010.11.26"]
[SourceQuality "1"]
[WhiteTeam "Dunajska Streda SK II"]
[BlackTeam "Bratislava Doprastav III"]
[WhiteTeamCountry "SVK"]
[BlackTeamCountry "SVK"]

1. e4 d6 2. d4 Nf6 3. Bd3 g6 4. Nf3 Bg7 5. 0-0 c6 6. c4 Qc7 7. Nc3 Bg4 8. h3 Bxf3 9. Qxf3 Nbd7 10. Re1 e5 11. d5 0-0 12. Be3 a6 13. Rac1 c5 14. a3 Rab8 15. b4 b6 16. Qd1 Rb7 17. Re2 Nh5 18. Rb2 Nf4 19. Bf1 f5 20. g3 fxe4 21. bxc5 dxc5 22. Nxe4 Nh5 23. Bg2 Qd8 24. d6 Ra7 25. Bg5 Nhf6 26. Rcb1 h6 27. Bxf6 Bxf6 28. Qg4 Kh7 29. Nxf6+ Qxf6 30. Rd2 Rd8 31. Bc6 Nf8 32. d7 h5 33. Qh4 Qxh4 34. gxh4 Ne6 35. Rd6 1-0

[Event "SVK-chT3A2 0809"]
[Site "Slovakia"]
[Date "2009.03.08"]
[Round "9.4"]
[White "Bahna, Jan"]
[Black "Ujhelyi, Matus"]
[Result "1/2-1/2"]
[WhiteElo "1935"]
[BlackElo "1926"]
[PlyCount "53"]
[EventDate "2008.10.19"]
[EventType "team-tourn"]
[EventRounds "11"]
[EventCountry "SVK"]
[SourceTitle "EXT 2010"]
[Source "ChessBase"]
[SourceDate "2010.11.25"]
[SourceVersion "1"]
[SourceVersionDate "2010.11.25"]
[SourceQuality "1"]
[WhiteTeam "Trnava Lokomotiva III"]
[BlackTeam "Dunajska Streda SK III"]
[WhiteTeamCountry "SVK"]
[BlackTeamCountry "SVK"]

1. e4 e6 2. d4 d5 3. Nd2 dxe4 4. Nxe4 Nd7 5. Nf3 Ngf6 6. Nxf6+ Nxf6 7. Be2 Be7 8. 0-0 0-0 9. b3 c5 10. Bb2 Qc7 11. c4 b6 12. dxc5 Rd8 13. Qc2 Qxc5 14. Rad1 Bb7 15. Rd4 Rxd4 16. Bxd4 Qc6 17. Rd1 Rd8 18. Bxf6 Bxf6 19. Rxd8+ Bxd8 20. Qd2 Bf6 21. Ne1 Qc7 22. Bf3 g6 23. Bxb7 Qxb7 24. Qf4 Kg7 25. Nf3 Qd7 26. Qd2 Qc6 27. h3 1/2-1/2

[Event "SVK-chT3A2 0809"]
[Site "Slovakia"]
[Date "2009.03.01"]
[Round "8.4"]
[White "Gajarsky, Roman"]
[Black "Ujhelyi, Matus"]
[Result "0-1"]
[WhiteElo "1943"]
[BlackElo "1926"]
[PlyCount "62"]
[EventDate "2008.10.19"]
[EventType "team-tourn"]
[EventRounds "11"]
[EventCountry "SVK"]
[SourceTitle "EXT 2010"]
[Source "ChessBase"]
[SourceDate "2010.11.25"]
[SourceVersion "1"]
[SourceVersionDate "2010.11.25"]
[SourceQuality "1"]
[WhiteTeam "Hlohovec SK Zentiva III"]
[BlackTeam "Dunajska Streda SK III"]
[WhiteTeamCountry "SVK"]
[BlackTeamCountry "SVK"]

1. e4 e6 2. c4 d5 3. e5 c5 4. f4 Nc6 5. Nf3 Nge7 6. Na3 dxc4 7. Bxc4 Nf5 8. Nc2 Be7 9. 0-0 0-0 10. g4 Nfd4 11. Be2 b6 12. Rb1 Bb7 13. Ne3 Nxe2+ 14. Qxe2 Nd4 15. Qd1 Nxf3+ 16. Rxf3 Qd3 17. Ra1 Bxf3 18. Qxf3 c4 19. Kf2 Rad8 20. f5 exf5 21. gxf5 Bc5 22. f6 Rfe8 23. Qg3 g6 24. Qg5 Bxe3+ 25. dxe3 Qc2+ 26. Kg3 Qe4 27. b3 Qxe5+ 28. Qxe5 Rxe5 29. bxc4 Rd1 30. Bb2 Rxe3+ 31. Kf4 Rxa1 0-1

[Event "SVK-chT3A2 0809"]
[Site "Slovakia"]
[Date "2008.12.14"]
[Round "4.5"]
[White "Jozefovic, Milan"]
[Black "Ujhelyi, Matus"]
[Result "1-0"]
[WhiteElo "1894"]
[BlackElo "1926"]
[PlyCount "75"]
[EventDate "2008.10.19"]
[EventType "team-tourn"]
[EventRounds "11"]
[EventCountry "SVK"]
[SourceTitle "EXT 2010"]
[Source "ChessBase"]
[SourceDate "2010.11.25"]
[SourceVersion "1"]
[SourceVersionDate "2010.11.25"]
[SourceQuality "1"]
[WhiteTeam "Holic"]
[BlackTeam "Dunajska Streda SK III"]
[WhiteTeamCountry "SVK"]
[BlackTeamCountry "SVK"]

1. e4 e6 2. Nc3 d5 3. exd5 exd5 4. d4 c6 5. Nf3 Bg4 6. Be2 Bd6 7. h3 Bh5 8. Be3 Nd7 9. Qd2 Ngf6 10. Bg5 h6 11. Bf4 Qc7 12. Qe3+ Kf8 13. Bxd6+ Qxd6 14. 0-0-0 Re8 15. Qd2 Bg6 16. Nh4 Bh7 17. Rhe1 g5 18. Nf3 Kg7 19. g3 Re7 20. Nh2 Rhe8 21. f4 Ne4 22. Nxe4 Rxe4 23. fxg5 Qxg3 24. gxh6+ Kh8 25. Ng4 f5 26. Ne5 Nxe5 27. dxe5 Qxe5 28. Qg5 Re7 29. Rd2 f4 30. Qg4 Bf5 31. Qg2 Rb4 32. c3 Ra4 33. Rg1 Bh7 34. Bd3 Re8 35. Bxh7 Kxh7 36. Qg6+ Kh8 37. h7 Qe6 38. Qg7# 1-0

[Event "SVK-chT 0809"]
[Site "Slovakia"]
[Date "2008.11.30"]
[Round "4"]
[White "Ujhelyi, Matus"]
[Black "Magat, Jozef"]
[Result "1/2-1/2"]
[WhiteElo "1926"]
[BlackElo "2100"]
[PlyCount "84"]
[EventDate "2008.10.25"]
[EventType "team-tourn"]
[EventRounds "11"]
[EventCountry "SVK"]
[SourceTitle "EXT 2019"]
[Source "ChessBase"]
[SourceDate "2018.10.10"]
[SourceVersion "1"]
[SourceVersionDate "2018.10.10"]
[SourceQuality "1"]
[WhiteTeam "Dunajska Streda"]
[BlackTeam "Dunajov"]
[WhiteTeamCountry "SVK"]
[BlackTeamCountry "SVK"]

1. e4 e6 2. d4 d5 3. exd5 exd5 4. Nf3 Bd6 5. c4 Qe7+ 6. Be3 Nf6 7. Nc3 c6 8. cxd5 Nxd5 9. Nxd5 cxd5 10. Bb5+ Nc6 11. 0-0 0-0 12. Rc1 Bd7 13. Re1 Rfe8 14. Bxc6 Bxc6 15. Bf4 Qc7 16. Bxd6 Qxd6 17. Qc2 f6 18. Nd2 Qb4 19. Rxe8+ Rxe8 20. Nf3 g6 21. a3 Qb5 22. Re1 Rxe1+ 23. Nxe1 Qc4 24. Qd2 Bb5 25. h3 Qf1+ 26. Kh2 Qe2 27. Qxe2 Bxe2 28. Kg3 Kf7 29. Kf4 Ke6 30. h4 h6 31. f3 Bf1 32. g3 Be2 33. Ke3 Bc4 34. Ng2 g5 35. hxg5 hxg5 36. f4 Bf1 37. Ne1 g4 38. Nd3 b6 39. Nf2 f5 40. Nd3 Bxd3 41. Kxd3 Kd6 42. Kc3 Kc6 1/2-1/2

[Event "SVK-chT2A 0809"]
[Site "Slovakia"]
[Date "2008.11.08"]
[Round "3.7"]
[White "Mosny, Jaroslav"]
[Black "Ujhelyi, Matus"]
[Result "1/2-1/2"]
[WhiteElo "2018"]
[BlackElo "1926"]
[PlyCount "82"]
[EventDate "2008.10.11"]
[EventType "team-tourn"]
[EventRounds "11"]
[EventCountry "SVK"]
[SourceTitle "EXT 2010"]
[Source "ChessBase"]
[SourceDate "2010.11.25"]
[SourceVersion "1"]
[SourceVersionDate "2010.11.25"]
[SourceQuality "1"]
[WhiteTeam "Trnava Lokomotiva II"]
[BlackTeam "Dunajska Streda SK II"]
[WhiteTeamCountry "SVK"]
[BlackTeamCountry "SVK"]

1. d4 Nf6 2. Nf3 g6 3. g3 Bg7 4. Bg2 0-0 5. 0-0 d6 6. c4 Nbd7 7. Nc3 c6 8. e4 e5 9. h3 Re8 10. Re1 a5 11. b3 exd4 12. Nxd4 Nc5 13. Bb2 Qb6 14. Rb1 Nh5 15. Kh2 Bd7 16. Qd2 Rad8 17. f4 f5 18. exf5 gxf5 19. Rxe8+ Rxe8 20. Re1 Qd8 21. Rxe8+ Qxe8 22. Bf3 Nf6 23. Nde2 Qe7 24. Kg2 h6 25. Nd4 Bc8 26. Nce2 Kf7 27. Qxa5 Nfe4 28. b4 Nd3 29. Nxf5 Qe6 30. Ned4 Bxd4 31. Bxd4 Qxf5 32. Qc7+ Bd7 33. Bg4 Ne1+ 34. Kf1 Nxg3+ 35. Kxe1 Qe4+ 36. Kf2 Nh1+ 37. Kg1 Qxd4+ 38. Kxh1 Qe4+ 39. Kg1 Qe1+ 40. Kg2 Qe4+ 41. Kg3 Qe1+ 1/2-1/2

[Event "SVK-chT2A 0809"]
[Site "Slovakia"]
[Date "2008.10.12"]
[Round "2.8"]
[White "Ujhelyi, Matus"]
[Black "Milanov, Jasen"]
[Result "1/2-1/2"]
[WhiteElo "1926"]
[BlackElo "1952"]
[PlyCount "66"]
[EventDate "2008.10.11"]
[EventType "team-tourn"]
[EventRounds "11"]
[EventCountry "SVK"]
[SourceTitle "EXT 2010"]
[Source "ChessBase"]
[SourceDate "2010.11.25"]
[SourceVersion "1"]
[SourceVersionDate "2010.11.25"]
[SourceQuality "1"]
[WhiteTeam "Dunajska Streda SK II"]
[BlackTeam "Bratislava Doprastav"]
[WhiteTeamCountry "SVK"]
[BlackTeamCountry "SVK"]

1. e4 e6 2. d4 d5 3. Nd2 dxe4 4. Nxe4 Nd7 5. Nf3 Ngf6 6. Bg5 Be7 7. Nxf6+ Nxf6 8. Bd3 0-0 9. 0-0 h6 10. Bh4 c5 11. c3 cxd4 12. Nxd4 a6 13. Qe2 Qc7 14. a4 b6 15. Bg3 Bd6 16. Bxd6 Qxd6 17. Rad1 Qc7 18. Be4 Nxe4 19. Qxe4 Bb7 20. Qg4 Rfe8 21. Rfe1 Rad8 22. Rd3 Rd5 23. f4 h5 24. Qh4 Qd8 25. Qg3 Qd6 26. f5 Qxg3 27. hxg3 e5 28. f6 g6 29. Rde3 Kf8 30. b4 Rd6 31. Nf3 Bxf3 32. Rxf3 e4 33. Rfe3 Rxf6 1/2-1/2

[Event "Bratislava Doprastav op"]
[Site "Bratislava"]
[Date "2008.06.29"]
[Round "2"]
[White "Povraznik, Peter"]
[Black "Ujhelyi, Matus"]
[Result "0-1"]
[WhiteElo "1757"]
[BlackElo "1924"]
[PlyCount "86"]
[EventDate "2008.06.28"]
[EventType "swiss"]
[EventRounds "7"]
[EventCountry "SVK"]
[SourceTitle "CBM 125 Extra"]
[Source "ChessBase"]
[SourceDate "2008.09.01"]
[SourceVersion "1"]
[SourceVersionDate "2008.09.01"]
[SourceQuality "1"]

1. d4 Nf6 2. c4 g6 3. Nc3 d5 4. e3 Bg7 5. Nf3 0-0 6. h3 a6 7. b4 dxc4 8. Bxc4 Qd6 9. Rb1 b5 10. Bd3 Nc6 11. a3 e5 12. Be4 Nxe4 13. Nxe4 Qd5 14. Nc5 exd4 15. 0-0 Bf5 16. e4 Bxe4 17. Nxe4 Qxe4 18. Rb3 Ne5 19. Nxe5 Bxe5 20. Re1 Qd5 21. Rd3 Rad8 22. Bb2 Rfe8 23. Qd2 Re6 24. Rc1 Qe4 25. g3 c6 26. Rd1 Red6 27. Qh6 Bg7 28. Qd2 Qf5 29. h4 c5 30. bxc5 Qxc5 31. Bc1 Re6 32. Qa5 Qb6 33. Qd2 a5 34. Qa2 Rde8 35. Rf1 Qc6 36. Qb3 Re1 37. Rd1 Rxf1+ 38. Rxf1 Qc4 39. Qf3 b4 40. axb4 axb4 41. Rd1 b3 42. Qd3 Qxd3 43. Rxd3 Re1+ 0-1